[Event "ROU-ch Men 2018"]
[Site "Olanesti"]
[Date "2018.05.16"]
[Round "3"]
[White "Stanciu, Alexandru-Ovidiu"]
[Black "Daianu, Cristian-Clement"]
[Result "1/2-1/2"]
[WhiteElo "2363"]
[BlackElo "2150"]
[Annotator "NA"]
[PlyCount "53"]
[EventDate "2018.??.??"]
[EventType "swiss"]
[EventCountry "ROU"]
[SourceTitle "playchess.com"]
[Source "ChessBase"]
[SourceQuality "1"]
[TimeControl "40/5400+30:1800+30"]

1. g3 {[%emt 0:05:41]} Nf6 {[%emt 0:03:21]} 2. Bg2 {[%emt 0:01:09]} d5 {[%emt 0:00:08]} 3. f4 {[%emt 0:07:22]} Nc6 {[%emt 0:06:45] A03: Bird's Opening with 1...d5} (3... g6 4. Nf3 Bg7 5. d3 O-O 6. O-O Re8 7. Qe1 Nc6 8. e4 dxe4 9. dxe4 e5 10. f5 gxf5 11. Nh4 Nxe4 12. Nxf5 Bxf5 13. Rxf5 Nd6 14. Rf1 {1-0 (50) Kamsky,G (2638)-Sevian,S (2600) Greensboro 2016}) 4. Nf3 {[%emt 0:00:26]} Qd6 {[%emt 0:19:47]} 5. O-O {[%emt 0:09:06]} e5 {[%emt 0:12:33]} 6. fxe5 {[%emt 0:00:17]} Nxe5 {[%emt 0:00:01]} 7. Nxe5 $146 {[%emt 0:00:24]} ({Predecessor:} 7. d3 Nxf3+ 8. exf3 Be6 9. Re1 Be7 10. Nc3 Qd7 11. Qe2 Bc5+ {1-0 (25) Rajaonson,A (1864)-Sandjivy,J (1366) St Denis 2014}) 7... Qxe5 {[%emt 0:00:04]} 8. d4 {[%emt 0:00:04]} Qh5 {[%emt 0:02:44]} 9. Qd3 {[%emt 0:40:50]} Bd6 {[%emt 0:07:36]} 10. Nc3 {[%emt 0:04:03]} O-O {[%emt 0:03:53]} 11. Rxf6 {[%emt 0:06:34]} gxf6 {[%emt 0:00:23]} 12. Nxd5 {[%emt 0:00:03]} Kg7 {[%emt 0:10:27]} 13. Bf4 {[%emt 0:07:00]} Bg4 {[%emt 0:05:02]} 14. e4 {[%emt 0:04:47]} Bxf4 {[%emt 0:03:34]} 15. Nxf4 {[%emt 0:00:06]} Qg5 {[%emt 0:00:51]} 16. Rf1 {[%emt 0:01:09]} c6 {[%emt 0:00:58]} 17. h3 {[%emt 0:01:59]} Be6 {[%emt 0:04:44]} 18. b3 {[%emt 0:00:34]} Rad8 {[%emt 0:00:53]} 19. Kh2 {[%emt 0:00:58]} Kh8 {[%emt 0:00:58]} 20. Rf2 {[%emt 0:01:52]} a5 {[%emt 0:05:31]} 21. a4 {[%emt 0:01:40]} Rd7 {[%emt 0:00:23]} 22. g4 {[%emt 0:00:17]} Rfd8 {[%emt 0:00:46]} 23. d5 {[%emt 0:00:13]} cxd5 {[%emt 0:03:46]} 24. exd5 {[%emt 0:00:06]} Bxd5 {[%emt 0:00:29]} 25. Nxd5 $11 {[%emt 0:01:05]} Rxd5 {[%emt 0:00:17]} 26. Bxd5 {[%emt 0:00:07]} Rxd5 {[%emt 0:00:05]} 27. Qf3 {[%emt 0:00:48]} 1/2-1/2

[Event "ROU-ch Men 2018"]
[Site "Olanesti"]
[Date "2018.05.16"]
[Round "3"]
[White "Vasiesiu, Victor"]
[Black "Chima, Radu-Niculin"]
[Result "1/2-1/2"]
[WhiteElo "2327"]
[BlackElo "2095"]
[Annotator "NA"]
[PlyCount "112"]
[EventDate "2018.??.??"]
[EventType "swiss"]
[EventCountry "ROU"]
[SourceTitle "playchess.com"]
[Source "ChessBase"]
[SourceQuality "1"]
[TimeControl "40/5400+30:1800+30"]

{[%evp 8,109,31,28,19,10,17,20,32767,4,107,33,0,-6,84,81,95,56,59,53,69,21,117,124,101,119,117,101,105,32767,32767,32767,32767,32767,32767,32767,32767,32767,32767,32767,32767,32767,32767,32767,32767,32767,32767,32767,32767,32767,32767,32767,115,32767,122,32767,32767,150,32767,139,32767,32767,160,156,149,165,146,147,146,173,32767,236,32767,227,238,228,32767,32767,32767,226,32767,32767,32767,32767,32767,32767,32767,202,192,32767,32767,168,210,32767,218,186,226,32767,32767,32767,32767,32767,189,77]} 1. e4 {[%emt 0:00:43]} e6 {[%emt 0:00:11]} 2. d4 {[%emt 0:00:06]} d5 {[%emt 0:00:05]} 3. Nc3 {[%emt 0:00:06]} Nf6 {[%emt 0:00:08]} 4. Bg5 {[%emt 0:00:06]} dxe4 {[%emt 0:01:17]} 5. Nxe4 {[%emt 0:00:06]} Be7 {[%emt 0:00:16]} 6. Bxf6 {[%emt 0:00:06]} Bxf6 {[%emt 0:00:26]} 7. Nf3 {[%emt 0:00:07]} O-O {[%emt 0:02:31]} 8. Qd3 {[%emt 0:00:23] LiveBook: 32 Games} b6 {[%emt 0:04:16] C13: French: Classical System: 4 Bg5 Be7, Alekhine-Chatard Attack} (8... Be7 $14) (8... Nd7 9. O-O-O b6 10. g4 Bb7 11. Rg1 g6 12. g5 Bg7 13. Bg2 c5 14. h4 cxd4 15. Nxd4 Qe7 16. Nb3 {1-0 (37) Savchenko,B (2607)-Popov,I (2596) Moscow 2016}) 9. O-O-O {[%emt 0:01:49]} ({Better is} 9. Nxf6+ $16 Qxf6 10. Qe4) 9... Bb7 {[%emt 0:00:23]} 10. h4 {[%emt 0:00:22]} Bxe4 $146 {[%emt 0:04:16]} (10... Nd7 $1 $11 {remains equal.}) ({Predecessor:} 10... Na6 11. Nfg5 g6 12. Qg3 Bg7 13. h5 Bxe4 14. Nxe4 Qd5 15. Nc3 Qa5 16. hxg6 hxg6 {½-½ (56) Rizsonkov,V (2233)-Yushko,O (2117) Uzhgorod 2007}) 11. Qxe4 {[%emt 0:00:06]} Qd5 {[%emt 0:00:07]} 12. Qxd5 {[%emt 0:02:54]} exd5 {[%emt 0:00:07]} 13. Ne5 {[%emt 0:01:03]} c5 {[%emt 0:06:27]} 14. Ng4 {[%emt 0:01:35]} Be7 {[%emt 0:11:49]} (14... Bxd4 $11 {keeps the balance.} 15. c3 f5) 15. dxc5 {[%emt 0:04:26]} Bxc5 {[%emt 0:00:23]} 16. Rxd5 {[%emt 0:00:42]} Nc6 {[%emt 0:02:22]} 17. Bc4 {[%emt 0:01:14]} Na5 {[%emt 0:06:20]} 18. Bd3 {[%emt 0:02:11]} Rad8 {[%emt 0:08:25]} 19. Rxd8 {[%emt 0:00:51]} Rxd8 {[%emt 0:00:09]} 20. Rd1 {[%emt 0:00:12]} Rd4 {[%emt 0:06:16]} 21. Be2 {[%emt 0:06:08]} f5 {[%emt 0:03:40]} 22. Rxd4 {[%emt 0:08:06]} Bxd4 {[%emt 0:00:20]} 23. Ne3 {[%emt 0:00:10]} g6 {[%emt 0:03:11]} 24. c3 {[%emt 0:00:57]} Bf6 {[%emt 0:00:12]} 25. Bf3 {[%emt 0:01:59]} b5 {[%emt 0:07:49]} 26. g3 {[%emt 0:00:43]} Kf8 {[%emt 0:07:28]} 27. b4 {[%emt 0:14:43]} Nc4 {[%emt 0:04:02]} 28. Nxc4 {[%emt 0:00:05]} bxc4 {[%emt 0:00:04]} 29. Kd2 {[%emt 0:00:06]} Ke7 {[%emt 0:01:24]} 30. Bd5 {[%emt 0:00:06]} f4 {[%emt 0:00:29]} 31. Bxc4 {[%emt 0:01:09]} fxg3 {[%emt 0:00:53]} 32. fxg3 {[%emt 0:00:05]} h5 {[%emt 0:01:44]} 33. Be2 {[%emt 0:02:21]} Be5 {[%emt 0:01:56]} 34. g4 {[%emt 0:00:06]} hxg4 {[%emt 0:00:53]} 35. Bxg4 {[%emt 0:00:04]} Bf6 {[%emt 0:00:25]} 36. h5 {[%emt 0:00:04]} gxh5 {[%emt 0:00:07]} 37. Bxh5 {[%emt 0:00:05]} Kd6 {[%emt 0:01:25]} 38. Kd3 {[%emt 0:02:10]} Bh4 {[%emt 0:01:14]} 39. c4 {[%emt 0:02:24]} Bf2 {[%emt 0:00:31]} 40. c5+ {[%emt 0:00:00]} Kc7 {[%emt 0:01:12]} 41. Kc4 {[%emt 0:00:57]} Be1 {[%emt 0:00:59]} 42. Kb5 {[%emt 0:04:05]} Bc3 {[%emt 0:01:09]} 43. Bf3 {[%emt 0:00:23]} Bd2 {[%emt 0:00:33]} 44. a4 {[%emt 0:00:14]} Be1 {[%emt 0:02:57]} 45. a5 {[%emt 0:03:37]} Bd2 {[%emt 0:00:52]} 46. a6 {[%emt 0:00:50]} Be3 {[%emt 0:00:52]} 47. Kc4 {[%emt 0:00:29]} Kb8 {[%emt 0:03:16]} 48. Kd5 {[%emt 0:01:07]} Bf4 {[%emt 0:01:47]} 49. b5 {[%emt 0:03:52]} Bc7 {[%emt 0:15:20]} 50. Kc6 {[%emt 0:00:16]} Bd8 {[%emt 0:00:46]} 51. Kd7 {[%emt 0:02:13]} Bg5 {[%emt 0:02:01]} 52. Be2 {[%emt 0:00:31]} Be3 {[%emt 0:00:13]} 53. Kc6 {[%emt 0:00:09]} Bf2 {[%emt 0:00:15]} 54. b6 {[%emt 0:00:12]} Be3 $18 {[%emt 0:03:22]} 55. Kd6 {[%emt 0:00:05]} ({Don't do} 55. b7 Bg5 $18) (55. Bd3 $18 {is more deadly.}) 55... axb6 {[%emt 0:00:25]} 56. c6 {[%emt 0:00:10]} Bf4+ {[%emt 0:00:28] Ke5} 1/2-1/2

[Event "ROU-ch Men 2018"]
[Site "Olanesti"]
[Date "2018.05.16"]
[Round "3"]
[White "Banzea, Alexandru-Bogdan"]
[Black "Nevednichy, Vladislav"]
[Result "0-1"]
[WhiteElo "2325"]
[BlackElo "2532"]
[Annotator "TA"]
[PlyCount "66"]
[EventDate "2018.??.??"]
[EventType "swiss"]
[EventCountry "ROU"]
[SourceTitle "playchess.com"]
[Source "ChessBase"]
[SourceQuality "1"]

{[%evp 18,66,37,31,56,33,65,20,15,-162,-22,-72,-27,-63,-44,-71,-70,-52,-64,-58,-45,-41,-36,-46,-66,-77,-62,-95,-93,-121,-104,-127,-131,-128,-136,-141,-135,-173,-179,-159,-116,-227,-230,-628,-560,-507,-343,-372,-330,-692,-668]} 1. e4 d6 2. d4 Nf6 3. Nc3 e5 4. Nf3 Nbd7 5. Rg1 (5. Bc4 Be7 6. O-O O-O 7. Re1 c6 8. a4 a5 9. h3 Re8 10. Ba2 Bf8 11. Be3 Qc7 12. Ng5 Re7 13. f4 b6 14. fxe5 dxe5 15. d5 cxd5 16. exd5 {1-0 (16) Wang,H (2709)-Ivanchuk,V (2726) Huaian 2017}) 5... g6 6. g4 {C41: Philidor Defence} Bg7 7. g5 Nh5 8. Be3 O-O 9. Qd2 c6 10. O-O-O {LiveBook: 16 Games} Qa5 11. Kb1 Re8 12. Be2 $146 ({Predecessor:} 12. a3 a6 {½-½ (47) Saric,I (2622)-Jovanovic,Z (2529) Bol 2013}) 12... b5 {[%cal Bb7b5,Bb5b4][%mdl 32]} 13. Bd3 $2 {[#]} (13. a3 $11 {and White has nothing to worry.}) 13... a6 ({Black should play} 13... b4 $1 $19 {Threatens to win with ...exd4.} 14. Ne2 d5 15. dxe5 dxe4 16. Bxe4 Nxe5) 14. Qc1 Qc7 (14... b4 $5 15. Ne2 $8 exd4 16. Bxd4 (16. Nexd4 Bb7 $15) 16... Bxd4 17. Nexd4 (17. Nfxd4 Qb6 $11) 17... Bb7 $11) 15. dxe5 dxe5 16. Ne2 c5 {aiming for ...c4.} 17. c4 b4 18. Ng3 Nxg3 19. hxg3 a5 {[%cal Ba6a5,Ba5a4][%mdl 32]} 20. Rh1 Nf8 21. Rh4 a4 22. Be2 Bb7 23. Ne1 f5 24. Bd3 {[#]} f4 $1 {[%mdl 512]} 25. gxf4 exf4 26. Bxf4 Qe7 27. f3 a3 28. b3 Red8 29. Nc2 (29. Bc2 $17 {was the only defense.}) 29... Ne6 $19 30. Be2 $2 (30. Be3) 30... Rxd1 31. Bxd1 Bh8 32. Be3 Qg7 33. Rh2 $2 (33. Be2) 33... Qc3 {Precision: White = 21%, Black = 58%.} 0-1

[Event "ROU-ch Men 2018"]
[Site "Olanesti"]
[Date "2018.05.16"]
[Round "3"]
[White "Ileana, George"]
[Black "Jianu, Vlad-Cristian"]
[Result "0-1"]
[WhiteElo "2325"]
[BlackElo "2532"]
[Annotator "TA"]
[PlyCount "120"]
[EventDate "2018.??.??"]
[EventType "swiss"]
[EventCountry "ROU"]
[SourceTitle "playchess.com"]
[Source "ChessBase"]
[SourceQuality "1"]

{[%evp 15,120,18,34,1,28,7,14,-16,0,-20,0,2,21,-144,-144,-144,-143,-126,-141,-96,-131,-135,-112,-119,-144,-429,-190,-427,-259,-560,-528,-524,-308,-302,-290,-275,-167,-339,-358,-340,-269,-277,-277,-270,-254,-262,-259,-248,-256,-256,-249,-362,-143,-362,-354,-352,-357,-339,-357,-362,-359,-353,-355,-456,-456,-440,-428,-420,-325,-355,-301,-298,-293,-380,-359,-356,-291,-324,-330,-348,-338,-431,-435,-542,-531,-466,-445,-548,-422,-415,-412,-2200,-390,-403,0,-2001,-1887,-5169,-5081,-4133,-4133,-1742,-1724,-1034,-579,-1464,-796]} 1. e4 c5 2. Nf3 d6 3. d4 cxd4 4. Nxd4 Nf6 5. Nc3 e6 6. g4 h6 7. Bg2 Nc6 8. h3 Bd7 9. Nde2 {B81: Sicilian Scheveningen: Keres Attack} (9. Be3 a6 10. Qd2 Ne5 11. b3 g5 12. O-O-O Rc8 13. Kb1 Be7 14. f4 gxf4 15. Bxf4 Qa5 16. Nce2 Qxd2 17. Bxd2 {0-1 (50) Fedorchuk,S (2640)-Guliyev,N (2566) Paris 2017}) 9... a6 10. O-O Rc8 11. Kh1 $146 {The position is equal.} ({Predecessor:} 11. b3 b5 12. Bb2 Qc7 13. Ng3 b4 14. Nce2 Na7 {1-0 (73) Dimov,D (2292)-Daskalov,D (2035) Albena 2011}) 11... b5 12. a3 Be7 13. f4 g5 14. e5 $2 (14. Qe1 $11) 14... dxe5 $17 15. fxg5 hxg5 16. Ng3 Nd4 $36 {[%mdl 2048] Keeping White busy.} 17. Bxg5 Bc6 18. Bxc6+ Rxc6 19. Bxf6 Bxf6 20. Nce4 $2 {[%mdl 8192]} (20. Nh5 $17 {might work better.} Bh4 21. Qd2) 20... Bh4 (20... Rxc2 $142 21. Nh5 Bg5 22. Nxg5 Qxg5) 21. Nh5 $2 (21. Ne2 Qd5 22. Nxd4 Qxe4+ 23. Qf3 Qxf3+ 24. Nxf3) 21... Rxc2 22. Ng7+ $2 (22. Rc1 {nothing else works.} Re2 23. Rc8 Qxc8 24. Nd6+ Ke7 25. Nxc8+ Rxc8 26. Nf4 Rxb2 27. Nd3) 22... Ke7 $19 23. Rc1 Qd5 24. Rxc2 {[#] Threatens to win with Rc7+.} Qxe4+ 25. Rg2 Qe3 26. Qc1 $2 (26. Nh5 {only move.}) 26... Qxh3+ 27. Kg1 {Intending Qc7+ and mate.} Nf3+ 28. Rxf3 Qxf3 29. Qc5+ Kf6 {( -> ...Qd1+)} 30. Nh5+ {[#]} Rxh5 $1 31. gxh5 {[%mdl 4096] Endgame KQR-KQB} Qd1+ ({But not} 31... Qxh5 32. Qd6 $17) 32. Kh2 Qxh5 {[%cal Rh4f2]} 33. Kg1 (33. Qc3 {was the only chance.}) 33... Qd1+ 34. Kh2 Bg5 35. Rxg5 Kxg5 36. Qxe5+ {KQ-KQ} Kg6 37. Qe4+ Kf6 38. Qf4+ Ke7 39. Qg5+ Kd7 40. Qe3 Qc2+ 41. Kh3 Qf5+ 42. Kh2 Qh7+ 43. Kg3 Qg7+ 44. Kh3 Qh8+ 45. Kg3 {If only White now had time for Qa7+....} Qb8+ 46. Kh3 e5 47. Qf3 Ke7 48. Qc3 Qd6 49. Kg2 Qg6+ 50. Kf1 Qf5+ 51. Kg2 Qe4+ 52. Kh3 Qd4 {White must now prevent ...Qxc3+.} 53. Qc2 (53. Qa5 $142) 53... Qc4 $2 (53... e4 {...Qd3+ is the strong threat.} 54. Qc6 e3 55. Qb7+ Kf8 56. Qa8+ Kg7) 54. Qf2 Qd4 (54... Qd3+ $142 55. Kg2 f5) 55. Qc2 $1 e4 {Black is clearly winning.} 56. Kg2 Qg7+ 57. Kf1 Qf6+ 58. Kg1 Qg5+ 59. Kh1 Qe5 60. Qc6 Qh5+ {Precision: White = 31%, Black = 65%.} 0-1

[Event "ROU-ch Men 2018"]
[Site "Olanesti"]
[Date "2018.05.16"]
[Round "3"]
[White "Pop, Alexandru"]
[Black "Farcadi, Hunor"]
[Result "*"]
[WhiteElo "2302"]
[BlackElo "1959"]
[Annotator "NA"]
[PlyCount "100"]
[EventDate "2018.??.??"]
[EventType "swiss"]
[EventCountry "ROU"]
[SourceTitle "playchess.com"]
[Source "ChessBase"]
[SourceQuality "1"]
[TimeControl "40/5400+30:1800+30"]

1. d4 {[%emt 0:03:21]} Nf6 {[%emt 0:00:25]} 2. Nf3 {[%emt 0:00:06]} g6 {[%emt 0:00:18]} 3. Bg5 {[%emt 0:00:06]} Bg7 {[%emt 0:01:51]} 4. Nbd2 {[%emt 0:00:27]} c5 {[%emt 0:08:00]} 5. Bxf6 {[%emt 0:00:17]} Bxf6 {[%emt 0:00:26]} 6. Ne4 {[%emt 0:00:07]} Bxd4 {[%emt 0:02:27]} 7. Nxd4 {[%emt 0:00:05]} cxd4 {[%emt 0:00:06]} 8. Qxd4 {[%emt 0:00:03]} O-O {[%emt 0:00:43]} 9. c4 {[%emt 0:00:07]} Qa5+ {[%emt 0:05:04] A48: 1 d4 Nf6 2 Nf3 g6: Torre, London and Colle Systems} (9... d6 10. Nc3 {½-½ (10) Kamsky,G (2744)-Ivanchuk,V (2769) Amsterdam 2012}) 10. Nc3 {[%emt 0:00:53]} Nc6 {[%emt 0:00:20]} 11. Qd2 {[%emt 0:00:08]} d6 {[%emt 0:06:09] LiveBook: 3 Games} 12. e4 {[%emt 0:00:07]} a6 $146 {[%emt 0:03:05]} ({Predecessor:} 12... Bg4 13. Nd5 Qxd2+ 14. Kxd2 Bd7 15. Be2 Kg7 16. Rac1 Rac8 17. f3 f5 18. exf5 Bxf5 {½-½ (47) Tsolakidou,S (2364)-Costachi,M (2420) Poprad 2016}) 13. Nd5 {[%emt 0:01:40]} Qxd2+ {[%emt 0:01:49]} 14. Kxd2 {[%emt 0:00:05]} f5 {[%emt 0:02:26]} 15. exf5 {[%emt 0:01:27]} Bxf5 {[%emt 0:01:46]} 16. f3 {[%emt 0:00:20]} e5 {[%emt 0:04:52]} 17. Rc1 {[%emt 0:06:37]} Rae8 {[%emt 0:05:46]} 18. Be2 {[%emt 0:18:54]} Nd4 {[%emt 0:06:21]} 19. Rhf1 {[%emt 0:12:37]} Kg7 {[%emt 0:07:32]} 20. Ne3 {[%emt 0:05:17]} Rf7 {[%emt 0:04:33]} 21. b3 {[%emt 0:16:36]} Rc8 {[%emt 0:03:45]} 22. Rf2 {[%emt 0:12:28]} b5 {[%emt 0:08:47]} 23. Bf1 {[%emt 0:06:56]} b4 {[%emt 0:03:41]} 24. Nd5 {[%emt 0:03:49]} Rb7 {[%emt 0:01:18]} 25. Bd3 {[%emt 0:01:03]} a5 {[%emt 0:02:36]} 26. Ke3 {[%emt 0:02:44]} Ne6 {[%emt 0:07:42]} 27. Bxf5 {[%emt 0:01:53]} gxf5 {[%emt 0:00:06]} 28. f4 {[%emt 0:00:12]} Nd4 {[%emt 0:04:57]} ({Better is} 28... Rf7 $11) 29. h3 {[%emt 0:01:29]} a4 {[%emt 0:01:50]} 30. bxa4 {[%emt 0:00:19]} Ra8 {[%emt 0:00:21]} 31. c5 {[%emt 0:02:25]} dxc5 {[%emt 0:04:45]} 32. Rxc5 {[%emt 0:00:06]} Rxa4 {[%emt 0:00:51]} 33. fxe5 {[%emt 0:00:14]} Ne6 {[%emt 0:00:05]} 34. Rcc2 {[%emt 0:01:10]} Ra3+ {[%emt 0:00:05]} 35. Ke2 {[%emt 0:00:51]} Nd4+ {[%emt 0:00:16]} 36. Ke1 {[%emt 0:01:35]} Nxc2+ {[%emt 0:00:35]} 37. Rxc2 {[%emt 0:00:03]} Rd3 {[%emt 0:00:52]} 38. Rc5 {[%emt 0:00:24]} Ra3 {[%emt 0:01:50]} 39. e6 {[%emt 0:00:41]} Rxa2 {[%emt 0:00:25]} 40. e7 {[%emt 0:00:00]} Kf7 {[%emt 0:01:11]} 41. Rc8 {[%emt 0:02:05]} Rxe7+ {[%emt 0:00:59]} 42. Nxe7 {[%emt 0:00:05]} Kxe7 {[%emt 0:00:05]} 43. Rb8 {[%emt 0:01:48]} Rb2 $17 {[%emt 0:01:55]} 44. Kd1 {[%emt 0:00:11]} f4 {[%emt 0:04:16]} 45. Kc1 {[%emt 0:00:01]} Rxg2 {[%emt 0:00:39]} 46. Rxb4 {[%emt 0:00:09]} f3 {[%emt 0:00:16]} 47. Rf4 {[%emt 0:00:44]} f2 {[%emt 0:00:13]} 48. Kd1 {[%emt 0:00:13]} Rg1+ {[%emt 0:02:37]} 49. Ke2 {[%emt 0:00:06]} f1=Q+ {[%emt 0:00:05]} 50. Rxf1 {[%emt 0:00:05]} Rxf1 {[%emt 0:00:04]} *

[Event "ROU-ch Men 2018"]
[Site "Olanesti"]
[Date "2018.05.16"]
[Round "3"]
[White "Vasilescu, Lucian-Mihail"]
[Black "Berechet, Stefan-Mario"]
[Result "1-0"]
[WhiteElo "2243"]
[BlackElo "1879"]
[Annotator "NA"]
[PlyCount "81"]
[EventDate "2018.??.??"]
[EventType "swiss"]
[EventCountry "ROU"]
[SourceTitle "playchess.com"]
[Source "ChessBase"]
[SourceQuality "1"]
[TimeControl "40/5400+30:1800+30"]

1. c4 {[%emt 0:04:37]} c5 {[%emt 0:00:19]} 2. g3 {[%emt 0:00:06]} g6 {[%emt 0:00:04]} 3. Bg2 {[%emt 0:00:05]} Bg7 {[%emt 0:00:02]} 4. Nc3 {[%emt 0:00:08]} Nc6 {[%emt 0:00:02]} 5. Nf3 {[%emt 0:02:02]} d6 {[%emt 0:00:16]} 6. O-O {[%emt 0:00:24]} a6 {[%emt 0:00:32]} 7. Rb1 {[%emt 0:06:44] A37: Symmetrical English vs ...g6: 4 Bg2 Bg7 5 Nf3} (7. a3 Rb8 8. b4 Nf6 9. bxc5 dxc5 10. Rb1 O-O 11. d3 Nd7 12. Ne4 b6 13. Bb2 e5 14. Nd6 Qc7 15. Nxc8 Rfxc8 {1-0 (24) Cornette,M (2606)-Cawdery,D (2447) London 2017}) 7... Rb8 {[%emt 0:00:15] LiveBook: 4 Games} 8. Ne1 {[%emt 0:01:10]} Bd7 $146 {[%emt 0:01:52]} ({Predecessor:} 8... Na5 9. b3 b5 10. cxb5 axb5 11. Bb2 b4 12. Nd5 Bxb2 13. Rxb2 e6 14. Ne3 Qf6 {0-1 (44) Andersson,G (2315)-Spiridonov,N (2490) Eksjo 1976}) 9. a4 {[%emt 0:00:17]} e6 {[%emt 0:07:50]} 10. d3 {[%emt 0:05:03]} Nge7 {[%emt 0:00:18]} 11. Bd2 {[%emt 0:00:22]} O-O {[%emt 0:00:21]} 12. Nc2 {[%emt 0:00:10]} Na7 {[%emt 0:05:59]} 13. b4 {[%emt 0:08:43]} b6 {[%emt 0:02:12]} 14. b5 {[%emt 0:05:14]} a5 {[%emt 0:00:28]} 15. e4 {[%emt 0:00:43]} f5 {[%emt 0:00:20]} 16. f4 {[%emt 0:01:40]} Be8 {[%emt 0:02:12]} 17. h3 {[%emt 0:01:05]} Bf7 {[%emt 0:00:20]} 18. Ne3 {[%emt 0:00:31]} Bd4 {[%emt 0:03:43]} 19. Qf3 {[%emt 0:11:47]} Qd7 {[%emt 0:02:19]} 20. Kh2 {[%emt 0:10:47]} Rbd8 {[%emt 0:00:11]} 21. Nc2 {[%emt 0:00:40]} Bg7 {[%emt 0:00:22]} 22. Rfd1 {[%emt 0:17:19]} d5 {[%emt 0:01:05]} 23. e5 {[%emt 0:00:21]} d4 {[%emt 0:01:13]} 24. Ne2 {[%emt 0:00:15]} Kh8 {[%emt 0:00:33]} 25. Rh1 {[%emt 0:00:57]} Rg8 {[%emt 0:00:33]} 26. g4 {[%emt 0:03:26]} Rdf8 {[%emt 0:02:32]} 27. Ng3 {[%emt 0:01:25]} Nac8 {[%emt 0:01:24]} 28. Rbe1 {[%emt 0:00:32]} Qe8 {[%emt 0:01:27]} 29. Qb7 {[%emt 0:04:10]} Qd8 {[%emt 0:01:45]} 30. Re2 {[%emt 0:00:38]} Be8 {[%emt 0:00:35]} 31. Ne1 {[%emt 0:00:45]} Qd7 {[%emt 0:00:20]} 32. Qa8 {[%emt 0:01:06]} Bh6 $2 {[%emt 0:01:06]} (32... g5 $1 $11 33. gxf5 gxf4 34. Bxf4 Nxf5) 33. g5 {[%emt 0:03:54]} Bg7 {[%emt 0:01:21]} 34. h4 {[%emt 0:00:06]} Bf7 {[%emt 0:01:27] [#]} 35. h5 $1 {[%emt 0:00:56]} gxh5 {[%emt 0:22:58]} 36. Kg1 {[%emt 0:00:14]} Qe8 {[%emt 0:00:49]} 37. Bf3 {[%emt 0:00:50]} Qd7 {[%emt 0:06:54]} 38. Bxh5 {[%emt 0:00:34]} Bxh5 $18 {[%emt 0:05:29]} 39. Rxh5 {[%emt 0:00:17]} Rf7 {[%emt 0:02:36]} 40. Rxh7+ {[%emt 0:00:00]} Kxh7 {[%emt 0:00:01]} 41. Qh1+ {[%emt 0:00:49]} 1-0

[Event "ROU-ch Men 2018"]
[Site "Olanesti"]
[Date "2018.05.16"]
[Round "3"]
[White "Ciobanu, Viorel-Adrian"]
[Black "Stan, Andrei-Mihaita"]
[Result "1/2-1/2"]
[WhiteElo "2196"]
[BlackElo "1860"]
[Annotator "TA"]
[PlyCount "189"]
[EventDate "2018.??.??"]
[EventType "swiss"]
[EventCountry "ROU"]
[SourceTitle "playchess.com"]
[Source "ChessBase"]
[SourceQuality "1"]

{[%evp 19,189,15,20,0,20,9,80,37,123,123,179,179,179,160,157,173,162,162,217,177,208,176,172,155,146,139,181,178,175,172,166,119,164,152,150,146,168,172,174,147,164,151,151,141,179,158,176,0,174,174,200,198,206,206,206,206,220,220,220,213,220,213,219,212,220,220,220,220,220,220,220,223,223,216,224,220,281,267,280,258,240,195,195,195,195,195,195,195,254,91,99,99,113,113,159,114,135,128,128,124,131,113,117,113,122,113,127,80,73,73,106,106,107,107,130,89,100,100,89,73,73,73,73,73,86,73,73,73,111,111,111,111,114,114,115,114,118,52,52,52,52,52,52,52,52,52,52,52,52,52,52,52,52,52,52,52,52,52,55,52,55,52,52,52,52,52,52,52,52,52,55,52]} 1. e4 {[%cal Be2e4,Be4e5][%mdl 32]} e6 2. d4 d5 3. Nc3 Nf6 4. e5 Nfd7 5. f4 c5 6. Nf3 Nc6 7. Be3 a6 8. Qd2 b5 9. a3 Qb6 10. g3 {C11: French: Classical System: 4 e5 and 4 Bg5 dxe4} (10. Ne2 b4 11. axb4 Qxb4 12. c3 Qb7 13. Nc1 Be7 14. Bd3 c4 15. Bb1 Rb8 16. Ra2 Nb4 17. Ra1 Nc6 18. Ra2 {½-½ (18) Karjakin,S (2723)-Vitiugov,N (2694) Khanty-Mansiysk 2009}) 10... Bb7 {LiveBook: 7 Games} 11. Bg2 Be7 12. Ne2 {The position is equal.} c4 $146 (12... O-O $11 {remains equal.}) ({Predecessor:} 12... Qc7 13. c3 O-O 14. O-O Na5 15. Qc2 Nc4 16. Bf2 Rac8 17. b3 Ncb6 {1-0 (29) Thurrott,A (2102)-Jovanovic,B (2079) LSS email 2013}) 13. O-O O-O-O (13... g6 $14) 14. Ng5 Bxg5 (14... Rdf8 $16) 15. fxg5 $18 Rhf8 16. Rf4 Qc7 17. Raf1 Nb6 18. Qe1 Rd7 (18... Kb8 $142 19. c3 Qe7) 19. Bh3 {[#] aiming for Bxe6!} Re7 20. Bd2 Kb8 21. Qf2 Bc8 22. Qf3 g6 23. Rh4 Rh8 24. Qf6 Qd8 25. Rh6 Nd7 26. Qf4 Qb6 27. Qe3 a5 28. Rh4 Ba6 29. c3 Ka7 30. Rhf4 Nd8 31. R4f2 Rg8 32. Bg2 Bb7 33. Bh3 $2 {[#]} (33. Rf3 $18) 33... a4 $2 (33... Ba6 $1 $11) 34. Nf4 {[%cal Be2f4,Bf4g2,Bg2e3,Be3g4,Bg4h6][%mdl 32]} Ka8 35. Ng2 Ka7 36. Qe2 Ka8 37. Ne3 Qc7 38. Ng4 Rh8 39. Nh6 Rf8 40. Qg4 Nb6 41. Rf4 Qd7 42. R1f2 Qe8 43. Qe2 Ka7 44. Qf1 Ka8 45. Bg4 {[%cal Bh3g4,Bg4d1,Bd1c2][%mdl 32]} Ka7 46. Bd1 Ka8 47. Bc2 Rc7 48. h4 Qe7 49. R4f3 Bc6 50. Ng4 Rh8 51. Nf6 Nd7 52. h5 Kb7 53. Rh2 {Strongly threatening hxg6.} Nxf6 (53... Nf8 $142 54. hxg6 fxg6) 54. Rxf6 $2 ({But not} 54. exf6 $6 Qf8 $16) (54. gxf6 $18 {is the precise move to win.} Qe8 55. Rh3) 54... Qe8 55. Rf4 Qg8 56. Rfh4 Qg7 57. Qh3 Be8 58. Rf2 Re7 59. Rf6 Ka7 60. Qf1 Kb6 61. Rhf4 Rc7 62. Bd1 Bc6 63. hxg6 hxg6 64. Rh4 Re7 65. Rh6 Ree8 66. Qh3 Bd7 67. Rf4 Kb7 68. Rfh4 Rhg8 69. Bf3 Bc6 70. Qf1 Qf8 71. Bd1 Ka6 72. Bc2 Qe7 73. Qf2 Ref8 74. Rh7 Kb6 75. R4h6 {And now Bxg6! would win.} Qe8 76. Qf6 Ka6 77. Be3 Kb6 78. Rg7 (78. Kf1 $16) 78... Rxg7 $14 {White is slightly better.} 79. Qxg7 Rg8 80. Qf6 Ka6 81. Rh7 Kb6 82. Kg2 Ka6 83. Bb1 Kb6 84. Bc1 Ka6 85. Qf1 Qe7 86. Kg1 Kb6 87. Qh3 Qe8 88. Qh6 Qf8 89. g4 Ka6 90. Qh3 Kb6 91. Bc2 Ka6 92. Bd1 Qe8 93. Be2 Qf8 94. Qh6 Kb6 95. Bd1 {Precision: White = 62%, Black = 44%.} 1/2-1/2